Production and developmental plant physiology (Record no. 42601)

MARC details
000 -LEADER
fixed length control field 00472nam a2200157Ia 4500
020 ## - INTERNATIONAL STANDARD BOOK NUMBER
ISBN 8171322905
082 ## - DEWEY DECIMAL CLASSIFICATION NUMBER
Classification number 581.1
Item number BOR
100 ## - MAIN ENTRY--AUTHOR NAME
Personal name Bora, K K
245 #0 - TITLE STATEMENT
Title Production and developmental plant physiology
260 ## - PUBLICATION, DISTRIBUTION, ETC. (IMPRINT)
Place of publication Jaipur
Name of publisher Pointer Publishers
Year of publication 2001
490 ## - SERIES STATEMENT
Series statement Plant physiology for sustainable forestry agri-horticulture and industry
650 ## - SUBJECT ADDED ENTRY--TOPICAL TERM
Topical Term Agroforestry
650 ## - SUBJECT ADDED ENTRY--TOPICAL TERM
Topical Term Stress management
942 ## - ADDED ENTRY ELEMENTS (KOHA)
Koha item type Books
Holdings
Withdrawn status Lost status Damaged status Not for loan Home library Current library Date acquired Cost, normal purchase price Full call number Accession Number Koha item type
        RRII Library RRII Library 16/12/2021 1250.00 581.1 BOR 22871 Books